000 01292nam a2200409 i 4500
001 21628
003 KOSZ 005
005 20240904062937.0
008 000320s1980 pl a |000 0 pol
015 _aPB 1980/10772
020 _a8301013095
035 _a(OCoLC)751431750
040 _aWA N
_cWA N
_dKOSZ 005/HR
046 _k1970
080 _a37
080 _a378.4/.6:62
100 1 _aKietlińska, Zofia
_d(1913-1989)
_eAutor
245 1 0 _aWybrane problemy pedagogiczne wyższych studiów technicznych /
_cZofia Kietlińska.
250 _aWyd. 2 zm.
260 _aWarszawa :
_bPaństwowe Wydawnictwo Naukowe,
_c1980.
300 _a235, [1] s. :
_b6 tab. ;
_c20 cm.
336 _2rdacontent
_aTekst
_btxt
337 _2rdamedia
_aBez urządzenia pośredniczącego
_bn
338 _2rdacarrier
_aWolumin
_bnc
380 _aKsiążki
388 _a1901-2000
388 _a1945-1989
500 _aW metryce mylnie: Wyd. 1.
504 _aBibliogr. s. 231-234.
658 _aEdukacja i pedagogika
658 _aInżynieria i technika
650 4 _aTechnika
650 4 _aNauczanie
650 4 _aSzkoły wyższe
856 _uhttp://koha.tu.koszalin.pl/cgi-bin/koha/opac-detail.pl?biblionumber=21628
_yKatalog online BPK
942 _2UKD
_cKS
999 _c21628
_d21628